Quarante ans de géographie tropicale: bilans et perspectives

Saved in:
書目詳細資料
主要作者: Gourou, Pierre (Author)
格式: 圖書
語言:法语
出版: París Centre d' Etudes de Geographie Tropicale 1969
叢編:Etudes de Géographie Tropicale, 6
主題:
標簽: 添加標簽
沒有標簽, 成為第一個標記此記錄!

MARC

LEADER 00000cam a2200000 a 4500
001 UCF9336
003 CL-VaPUC
008 131111e19690000fr |||||||||||||||||fre|d
082 0 4 |a 910.02113  |b GOU  |2 21 
100 |a Gourou, Pierre  |e author  |9 573635 
245 1 0 |a Quarante ans de géographie tropicale: bilans et perspectives 
300 |a 54 p 
942 |c BK 
945 |d 20131111 15:03:00  |a dcastane 
260 |a París  |b Centre d' Etudes de Geographie Tropicale  |c 1969 
650 0 |a Geografía  |9 259346 
650 0 |a Zonas tropicales  |9 360335 
583 |a last modification  |c 20131128 11:56:01  |k Rodrigo Vera 
490 0 |a Etudes de Géographie Tropicale, 6 
999 |c 353788  |d 353786 
952 |0 0  |1 0  |3 erb  |4 0  |6 910_021130000000000_GOU_1969  |7 0  |8 A  |9 459177  |a BIBING  |b BIBING  |d 2019-11-23  |i 502711K  |o 910.02113 GOU 1969  |p 502711K  |r 2025-01-20  |w 2019-11-23  |y BK  |z Catalogado en:20131111  |k GEO